Trh práce a rekvalifikácia v procese transformácie ekonomiky Slovenska Makroregulácia štrukturálnych zmien. 2. etapa
Saved in:
| Main Author: | |
|---|---|
| Format: | Book |
| Language: | Slovak |
| Published: |
Bratislava
VÚNH EU
1992
|
| Edition: | 1. vyd. |
| Subjects: | |
| Tags: |
No Tags, Be the first to tag this record!
|
MARC
| LEADER | 00000nam a2200000 4500 | ||
|---|---|---|---|
| 001 | c005521 | ||
| 005 | 20221214090759.0 | ||
| 041 | 0 | |a slo | |
| 044 | |a SK | ||
| 245 | 1 | 0 | |a Trh práce a rekvalifikácia v procese transformácie ekonomiky Slovenska |b Makroregulácia štrukturálnych zmien. 2. etapa |c Eulália Ižová |
| 250 | |a 1. vyd. | ||
| 264 | 1 | |a Bratislava |b VÚNH EU |c 1992 | |
| 300 | |a 46 s. | ||
| 610 | 2 | 0 | |a trh práce |
| 610 | 2 | 0 | |a rekvalifikácia |
| 610 | 2 | 0 | |a transformácia |
| 610 | 2 | 0 | |a kvalifikácia |
| 610 | 2 | 0 | |a vzdelanie |
| 610 | 2 | 0 | |a sily pracovné |
| 610 | 2 | 0 | |a financie |
| 610 | 2 | 0 | |a nezamestnanosť |
| 610 | 2 | 0 | |a zmeny štruktúrne |
| 610 | 2 | 0 | |a údaje štatistické |
| 100 | 1 | |a Ižová, Eulália | |